Primer registro de reproducción del ostreno: Haematopus palliatus (<Aves: Haematopodidae>), en Colombia (Registro nro. 9488)

Detalles MARC
000 -CABECERA
Campo de control 006740000a22001930004500
090 ## - CLASIFICACIÓN LOCAL
Colección AR
Consecutivo 00391
041 0# - IDIOMA
Código de idioma para texto/pista de sonido o título separado
100 1# - ASIENTO PRINCIPAL--NOMBRE PERSONAL
Nombre personal Díaz, Juan Manuel
245 10 - MENCION DE TITULO
Título Primer registro de reproducción del ostreno: Haematopus palliatus (<Aves: Haematopodidae>), en Colombia
650 14 - ASIENTO SECUNDARIO DE MATERIA - TERMINO TEMATICO
Término temático o nombre geográfico como elemento de entrada Aves
650 14 - ASIENTO SECUNDARIO DE MATERIA - TERMINO TEMATICO
Término temático o nombre geográfico como elemento de entrada Ornitología
650 14 - ASIENTO SECUNDARIO DE MATERIA - TERMINO TEMATICO
Término temático o nombre geográfico como elemento de entrada Distribución geográfica
650 14 - ASIENTO SECUNDARIO DE MATERIA - TERMINO TEMATICO
Término temático o nombre geográfico como elemento de entrada Reproducción animal
651 #4 - ASIENTO SECUNDARIO DE MATERIA - NOMBRE GEOGRAFICO
-- Guajira
-- Colombia
653 ## - TERMINO DE INDIZACION - NO CONTROLADO
-- Haematopodidae
-- Haematopus
-- Haematopus palliatus
700 1# - ASIENTO SECUNDARIO - NOMBRE PERSONAL
Nombre personal Botero, Jorge E.
773 1# - Item fuente:
Título Trianea: Acta Científica y Tecnológica
Especificación de materiales 159
Descripción física 2
Paginas del Articulo 497-500
Lugar, editorial y fecha de publicación 1988
942 ## - ELEMENTOS ADICIONALES (KOHA)
Tipo de ítem Artículo
Existencias
Withdrawn status Lost status Damaged status No para préstamo Colección Ubicación Permanente Ubicación actual Fecha de adquisición Datos de publicación Seriada Total Checkouts Número topográfico Inventario / Código de Barras Date last seen Ejemplar Price effective from Forma de adquisición Tipo de material
      No para Préstamo Hemeroteca Bogotá Bogotá 27/02/2015 Fuera de circulación   AR 00391 010648 25/03/2015 1 25/03/2015   Artículo
      No para Préstamo Hemeroteca Bogotá Bogotá 27/02/2015 Fuera de circulación   AR 00391 010649 25/03/2015 2 25/03/2015   Artículo